Ssaki /
Saved in:
| Other Authors: | , |
|---|---|
| Format: | Electronic |
| Language: | Polish German |
| Published: |
Warszawa :
1996
|
| Series: | Leksykon Przyrodniczy
|
| Subjects: | |
| Tags: |
No Tags, Be the first to tag this record!
|
MARC
| LEADER | 00000am|aa2200000i||4500 | ||
|---|---|---|---|
| 001 | 991004824559705066 | ||
| 005 | 20260515140227.0 | ||
| 008 | 260426t pl ||||| |||| 00| u pol d | ||
| 020 | |a 8371298773 | ||
| 035 | |a 991004824559705066 | ||
| 035 | |a (PL-WaBN)b11270871-48omnis_nlop | ||
| 035 | |a b11270871 | ||
| 035 | |a (OCoLC)751355038 | ||
| 035 | |a xx001583564 | ||
| 035 | |a (PL)b0000001127087 | ||
| 035 | |a (EXLNZ-48OMNIS_NETWORK)9910160352805606 | ||
| 040 | |a WA N |c WA N |d WA N |d ZDU_1 | ||
| 041 | 1 | |a pol |h ger | |
| 080 | |a 599(4)(02.025.2) | ||
| 090 | |c 87 |d 86 | ||
| 245 | 1 | 0 | |a Ssaki / |
| 246 | 1 | |i Tyt. oryg.: |a S©Þugetiere, | |
| 260 | |a Warszawa : |c 1996 | ||
| 300 | |a 286 s. : |b fot. kolor., rys. ; |c 20 cm. | ||
| 490 | 1 | |a Leksykon Przyrodniczy | |
| 500 | |a Oryg. : "S©Þugetiere" 1983. | ||
| 504 | |a Indeks. | ||
| 650 | 7 | |a Ssaki | |
| 650 | 0 | |a Mammals |z Europe. | |
| 651 | 7 | |a Europa | |
| 700 | 1 | |a Garbarczyk, Henryk |d (1947- ) | |
| 700 | 1 | |a Nowakowski, Eligiusz |c (zoolog) | |
| 710 | 2 | ||
| 830 | 0 | |a Leksykon Przyrodniczy | |
| 920 | |a 83-7129-877-3 | ||
| 942 | |c K | ||
| 952 | |0 0 |1 0 |4 0 |6 R__68_000000000000000 |7 0 |9 84 |a RYT |b RYT |d 2026-04-26 |e 1/2026 |g 10.00 |l 0 |o R.68 |p 2000000000688 |r 2026-05-15 14:02:27 |w 2026-05-15 |y BK |z da | ||
| 999 | |c 84 |d 84 | ||